| 000 | 00822nam a2200253 i 4500 | ||
|---|---|---|---|
| 001 | 27955 | ||
| 003 | ES-MaACL | ||
| 005 | 20250815050650.0 | ||
| 007 | t| | ||
| 008 | 030115s1979 sp ||||1| spa d | ||
| 020 | _a84-323-0160-4 | ||
| 100 | 1 |
_aBalcells, Albert. _924860 |
|
| 245 | 1 | 0 |
_aCataluña contemporánea / _cpor Albert Balcells. |
| 250 | _a2ª ed. | ||
| 260 |
_a[Madrid] : _bSiglo Veintiuno de España, _c1979. |
||
| 300 |
_a2 v. ; _c18 cm. |
||
| 490 | 1 | _aEstudios de historia contemporánea Siglo XXI | |
| 505 | 8 | _aContiene: 1. Siglo XIX - 2. 1900-1939 | |
| 651 | 0 |
_aCataluña- _xHistoria- _yS.XIX. _98019 |
|
| 651 | 4 |
_aCataluña- _xHistoria- _yS.XX. _9151968 |
|
| 830 | 1 | 0 |
_aEstudios de historia contemporánea (Siglo XXI) _9181254 |
| 852 |
_aES-MaACL _jL-3214-15 |
||
| 999 |
_c27955 _d27955 |
||